000
00329 a2200157 4500
001
62021
020
_a
9788510054096
040
_c
Anchieta - Pituba
100
_a
Gonçalves, Marcos
240
1
0
_a
Geografia 7
_l
por
245
1
0
_a
Geografia 7
300
_a
239
362
0
_a
2013
650
4
_a
Geografia e viagens
942
_c
BK
999
_c
62021
_d
62021